| 000 | 00602nam a22001697a 4500 | ||
|---|---|---|---|
| 003 | OSt | ||
| 005 | 20260220093327.0 | ||
| 008 | 260220b |||||||| |||| 00| 0 eng d | ||
| 040 | _cMRSPTU | ||
| 041 | _aEnglish | ||
| 100 | _aRubel Sharma, Supervisor: Gurprit Singh Bath | ||
| 245 | _aEnvironmental Impact Assessment on Surrounding of A Refinery Plant- IOCL Panipat Refinery and Petrochemical Complex (Case Study) | ||
| 260 |
_bDepartment of Civil Engg. MRSPTU, Bathinda _c2017 |
||
| 650 | _aCivil Engineering | ||
| 856 | _uhttp://163.47.215.52:8080/jspui/handle/123456789/1116 | ||
| 942 |
_2ddc _cTH _n0 |
||
| 999 |
_c10971 _d10971 |
||